LEADER 01114nam a2200289 i 4500 001 991001967209707536 005 20020507154618.0 008 000211s1995 fr ||| | fre 020 $a290497413X 035 $ab11590051-39ule_inst 035 $aLE02728215$9ExL 040 $aDip.to Studi Giuridici$bita 082 0 $a340.54 084 $aR-XV/D 100 1 $aChastagnol, André$0408492 245 13$aLa Gaule romaine et le droit latin :$brecherches sur l'histoire administrative et sur la romanisation des habitants /$cAndre Chastagnol 260 $aLyon :$bDe_Boccard,$c1995 300 $a347 p. :$bill. ;$c30 cm. 490 0 $aCollection du Centre d'etudes romaines et gallo-romaines. N.S. ;$v14 500 $aNel front.: Scripta varia 3 650 4$aDiritto romano - Gallia 907 $a.b11590051$b01-03-17$c02-07-02 912 $a991001967209707536 945 $aLE027 R-XX CHAST 1$g1$i2027000274314$lle027$o-$pE0.00$q-$rl$s- $t0$u1$v0$w1$x0$y.i11799638$z02-07-02 996 $aGaule romaine et le droit latin$9743863 997 $aUNISALENTO 998 $ale027$b01-01-00$cm$da $e-$ffre$gfr $h3$i1 LEADER 03161nas 2200913-a 450 001 996209363203316 005 20240620095759.0 011 $a1615-6617 035 $a(OCoLC)48652994 035 $a(CKB)110978984570591 035 $a(CONSER)--2001229250 035 $a(DE-599)ZDB2065084-X 035 $a(EXLCZ)99110978984570591 100 $a20011220a20019999 s-- - 101 0 $aeng 135 $aurcnu|||||||| 181 $ctxt$2rdacontent 182 $cc$2rdamedia 183 $acr$2rdacarrier 200 10$aPoiesis & praxis 210 $aBerlin $cSpringer-Verlag$d2001- 300 $aRefereed/Peer-reviewed 300 $aTitle from table of contents screen (viewed Dec. 20, 2001). 311 $a1615-6609 517 3 $aPoiesis and praxis 531 $aPOIESIS PRAX 606 $aScience$xMoral and ethical aspects$vPeriodicals 606 $aScience$xSocial aspects$vPeriodicals 606 $aTechnology$xMoral and ethical aspects$vPeriodicals 606 $aTechnology$xSocial aspects$vPeriodicals 606 $aScience$xMoral and ethical aspects 606 $aTechnology$xMoral and ethical aspects 606 $aScience$xPhilosophy 606 $aSciences$xAspect moral 606 $aTechnologie$xAspect moral 606 $aSciences$xPhilosophie 606 $aSciences$xAspect moral$vPériodiques 606 $aSciences$xAspect social$vPériodiques 606 $aTechnologie$xAspect moral$vPériodiques 606 $aTechnology (General)$2ebps 606 $aEthics$2ebps 606 $aScience (General)$2ebps 606 $aScience$xPhilosophy$2fast$3(OCoLC)fst01108336 606 $aScience$xMoral and ethical aspects$2fast$3(OCoLC)fst01108321 606 $aScience$xSocial aspects$2fast$3(OCoLC)fst01108360 606 $aTechnology$xMoral and ethical aspects$2fast$3(OCoLC)fst01145164 606 $aTechnology$xSocial aspects$2fast$3(OCoLC)fst01145202 606 $aCiència i ètica$2thub 606 $aTecnologia$2thub 608 $aPeriodicals.$2fast 608 $aRevistes electròniques.$2thub 615 0$aScience$xMoral and ethical aspects 615 0$aScience$xSocial aspects 615 0$aTechnology$xMoral and ethical aspects 615 0$aTechnology$xSocial aspects 615 0$aScience$xMoral and ethical aspects. 615 0$aTechnology$xMoral and ethical aspects. 615 0$aScience$xPhilosophy. 615 6$aSciences$xAspect moral. 615 6$aTechnologie$xAspect moral. 615 6$aSciences$xPhilosophie. 615 6$aSciences$xAspect moral 615 6$aSciences$xAspect social 615 6$aTechnologie$xAspect moral 615 7$aTechnology (General). 615 7$aEthics. 615 7$aScience (General). 615 7$aScience$xPhilosophy. 615 7$aScience$xMoral and ethical aspects. 615 7$aScience$xSocial aspects. 615 7$aTechnology$xMoral and ethical aspects. 615 7$aTechnology$xSocial aspects. 615 7$aCiència i ètica. 615 7$aTecnologia. 676 $a174.95 906 $aJOURNAL 912 $a996209363203316 996 $aPoiesis & praxis$92395923 997 $aUNISA